BSOP header

婚姻抗逆祕笈 = Hun yin kang ni mi ji = When bad things happen to good marriages {ch} / (Record no. 38385)

MARC details
000 -LEADER
fixed length control field 01301cam a2200373 i 4500
001 - CONTROL NUMBER
control field .b22268935
003 - CONTROL NUMBER IDENTIFIER
control field OSt
005 - DATE AND TIME OF LATEST TRANSACTION
control field 20241007202615.0
008 - FIXED-LENGTH DATA ELEMENTS--GENERAL INFORMATION
fixed length control field 100617s2004 -hk 000 0 chi d
020 ## - INTERNATIONAL STANDARD BOOK NUMBER
International Standard Book Number 9622085954 (平裝) :
Terms of availability NT$325
020 ## - INTERNATIONAL STANDARD BOOK NUMBER
International Standard Book Number 9789622085954 (平裝) :
Terms of availability NT$325
040 ## - CATALOGING SOURCE
Original cataloging agency NTNU
Language of cataloging chi
Transcribing agency NTNU
Description conventions CCR
041 1# - LANGUAGE CODE
Language code of text/sound track or separate title chi
Language code of original and/or intermediate translations of text eng
042 ## - AUTHENTICATION CODE
Authentication code nbic
050 ## - LIBRARY OF CONGRESS CALL NUMBER
Classification number BV4596.M3
099 ## - LOCAL FREE-TEXT CALL NUMBER (OCLC)
Classification number 244.9
100 ## - MAIN ENTRY--PERSONAL NAME
Personal name 帕羅特夫婦
Fuller form of name (Parrott, Les & Leslie)
245 00 - TITLE STATEMENT
Title 婚姻抗逆祕笈 = Hun yin kang ni mi ji = When bad things happen to good marriages {ch} /
Statement of responsibility, etc 帕羅特夫婦(Les & Leslie Parrott)著 ; 謝健國譯
250 ## - EDITION STATEMENT
Edition statement 初版
260 ## - PUBLICATION, DISTRIBUTION, ETC. (IMPRINT)
Place of publication, distribution, etc 香港九龍 :
Name of publisher, distributor, etc 天道書樓,
Date of publication, distribution, etc 2004.05.
300 ## - PHYSICAL DESCRIPTION
Extent 209面 ;
Dimensions 21公分
440 ## - SERIES STATEMENT/ADDED ENTRY--TITLE
Title Family life series.
500 ## - GENERAL NOTE
General note 國科會研究人文及社會科學研究圖書設備計畫, 規劃主題:心理適應與心理衛生
500 ## - GENERAL NOTE
General note 譯自 : When bad thing happen to good marriages.
500 ## - GENERAL NOTE
General note 帕羅特改譯派瑞
650 #7 - SUBJECT ADDED ENTRY--TOPICAL TERM
Topical term or geographic name as entry element 基督徒
Source of heading or term csh.
650 #7 - SUBJECT ADDED ENTRY--TOPICAL TERM
Topical term or geographic name as entry element Marriage
General subdivision Religious aspects
-- Christianity {ch}.
650 #7 - SUBJECT ADDED ENTRY--TOPICAL TERM
Topical term or geographic name as entry element Spouses
General subdivision Religious life {ch}.
650 #7 - SUBJECT ADDED ENTRY--TOPICAL TERM
Topical term or geographic name as entry element 婚姻
Source of heading or term csh.
700 1# - ADDED ENTRY--PERSONAL NAME
Personal name 派瑞
Fuller form of name (Parrott, Les)
700 1# - ADDED ENTRY--PERSONAL NAME
Personal name 派瑞
Fuller form of name (Parrott, Leslie)
700 1# - ADDED ENTRY--PERSONAL NAME
Personal name 謝健國
942 ## - ADDED ENTRY ELEMENTS (KOHA)
Source of classification or shelving scheme Library of Congress Classification
Item type Books
Holdings
Withdrawn status Lost status Source of classification or shelving scheme Damaged status Not for loan Home library Current library Shelving location Date acquired Accession number Total Checkouts Full call number Barcode Date last seen Copy number Price effective from Koha item type
    Library of Congress Classification     BSOP Library BSOP Library Chinese Books (General Circulation) 06/30/2015 C-13135   BV4596.M3 P24w 00045702 06/30/2015 c.2 06/30/2015 Books
BSOP

Biblical Seminary of the Philippines
  All rights Reserved
  © 2024

CONTACT INFORMATION

Biblical Seminary of the Philippines,
  77-B Karuhatan Road, Valenzuela City,
  PHILIPPINES 1441
  Phone: +632 8292-6795 / 8292-6798
  Fax : +632 8292-6675
  Email: library@bsop.edu.ph